000 00286nam a22001337a 4500
008 170731b xxu||||| |||| 00| 0 eng d
020 _a9780312363338
041 _aeng
080 _a004
100 _a32
101 _aSHK
245 _aRULE THE WEB
_cFRAUENFELDER,M
942 _2udc
_cBK
999 _c22242
_d22242